Представление документа в формате RUSMARC

ПолеНазваниеЗначение
  Тип записи c
  Библиографический уровень m
001 Контрольный номер RU/УОНБ/EK_N/663505705
005 Дата корректировки 20251118132930.0
010 Индекс ISBN __
9 Тираж 20000 экз.
013 Номер (ISMN) __
d Цена 69 к.
071 Издательские номер (звукозапись и ноты) 21
a Номер, присвоенный агентством 415
100 Данные общей обработки __
a Данные общей обработки 20210109d1968 u y0rusy0189||||ca
101 Язык документа 0_
a Язык текста rus
f Язык титульного листа rus
102 Страна публикации __
a Страна публикации RU
105 Кодированные данные (монография) __
a Кодированные данные (монография) y###||||000|y
125 Кодированные данные звукозаписи и нотных изданий __
a Форма изложения нотного текста с|
128 Кодированные данные (звукозаписи-физические характеристики) __
a Кодированные данные: Музыкальная форма и тональность или лад ccn
c Инструменты или голоса, рекомендуемые для солистов (устаревшее) kt||
200 Заглавие и сведения об ответственности 1_
a Заглавие Вып. 9
f Первые сведения об ответственности сост. В. Машков
210 Выходные данные __
d Дата издания 1968
215 Физическое описание __
a Объем 55 с.
327 Примечание о содержании 11
a Примечание о содержании Содерж. : Подельский Г. Мы твои, Революция! / сл. Л. Дербенева. - Пахмутова А. Русь / сл. С. Гребенникова и Н. Добронравова. - Свиридов Г. Песня о Москве / сл. А. Барто. - Ширшов А. В веках бессмертен Ленинград! / сл. О. Персидской, В. Васильева. - Хомутов В. Иду я к солнцу / сл. А. Ольгина. - Таривердиев М. Ты не печалься : из кф. "Большая руда" / сл. Н. Добронравова. - Пономаренко Г. Лебединая верность / сл. В. Дьяченко ; Что было, то было / сл. М. Агашиной. - Колкер А. Стоят девчонки / сл. К. Рыжова. - Блинов Ю. У нас есть мечта / сл. Б. Дворного. - Долуханян А. Под нашей старою луной / сл. М. Лисянского. - Камалдинов Г. Березки, березки / сл. А. Малаховой. - Татлян Ж. Уличные фонари / сл. Ю. Гарина. - Бабаджанян А. Улыбнись / сл. А. Вердяна. - Зацепин А. Песенка о медведях : из кф. "Кавказская пленница" / сл. Л. Дербенева. - Агафонов О. Золотинка / сл. А. Владимирова. - Билаш [! Белаш] А. Калина во ржи / сл. В. Федорова. - Машков В. Жила-была девчонка / сл. А. Прокофьева. - Фиготин Б. Волжанка синеглазая / сл. А. Жарова.
461 Уровень набора _0
1 001RU/УОНБ/EK_N/662662340
1 200
a Песни советских композиторов
b Ноты
e в перелож. для аккордеона [с надпис. текстом]
v Вып. 9
1 210
a М.
c Советский композитор
d 1961 -
464 Аналитический уровень _0
1 2001
a Мы твои, Революция!
e Пусть за долю мы лучшую...
e Подельский
b Г.
1 702 1
a Дербенев
b Л.
4 520
464 Аналитический уровень _0
1 2001
a Русь
e Я иду по заре...
1 700 1
a Пахмутова
b А.
1 702 1
a Гребенников
b С.
4 520
1 702 1
a Добронравов
b Н.
4 520
464 Аналитический уровень _0
1 2001
a Песня о Москве
e Деревья в три обхвата...
1 700 1
a Свиридов
b Г.
1 702 1
a Барто
b А.
4 520
464 Аналитический уровень _0
1 2001
a В веках бессмертен Ленинград!
e В просторах северного края...
1 700 1
a Ширшов
b А.
1 702 1
a Персидская
b О.
4 520
1 702 1
a Васильев
b В.
4 520
464 Аналитический уровень _0
1 2001
a Иду я к солнцу
e Я иду и пою...
1 700 1
a Хомутов
b В.
1 702 1
a Ольгин
b А.
4 520
464 Аналитический уровень _0
1 2001
a Ты не печалься
e Там, где сосны...
e из кф. "Большая руда"
1 700 1
a Таривердиев
b М.
1 702 1
a Добронравов
b Н.
4 520
1 50010
a Большая руда
464 Аналитический уровень _0
1 2001
a Лебединая верность
e Эта песня моя - обо мне, о тебе...
1 700 1
a Пономаренко
b Г.
1 702 1
a Дьяченко
b В.
4 520
464 Аналитический уровень _0
1 2001
a Стоят девчонки
e Сегодня праздник у девчат...
1 700 1
a Колкер
b А.
1 702 1
a Рыжов
b К.
4 520
464 Аналитический уровень _0
1 2001
a У нас есть мечта
e Товарищ, у нас есть с тобою мечта...
1 700 1
a Блинов
b Ю.
1 702 1
a Дворный
b Б.
4 520
464 Аналитический уровень _0
1 2001
a Под нашей старою луной
e Под нашей старою луной...
1 700 1
a Долуханян
b А.
1 702 1
a Лисянский
b М.
4 520
464 Аналитический уровень _0
1 2001
a Березки, березки
e Березки, березки, родные березки...
1 700 1
a Камалдинов
b Г.
1 702 1
a Малахова
b А.
4 520
464 Аналитический уровень _0
1 2001
a Уличные фонари
e Где-то вдали догорает закат...
1 700 1
a Татлян
b Ж.
1 702 1
a Гарин
b Ю.
4 520
464 Аналитический уровень _0
1 2001
a Улыбнись
e Ну, что так робко стоишь...
1 700 1
a Бабаджанян
b А.
1 702 1
a Вердян
b А.
4 520
464 Аналитический уровень _0
1 2001
a Песенка о медведях
e Где-то на белом свете...
e из кф. "Кавказская пленница"
1 700 1
a Зацепин
b А.
1 702 1
a Дербенев
b Л.
4 520
1 50010
a Кавказская пленница
464 Аналитический уровень _0
1 2001
a Золотинка
e Дождь прошел...
1 700 1
a Агафонов
b О.
1 702 1
a Владимиров
b А.
4 520
464 Аналитический уровень _0
1 2001
a Калина во ржи
e Стоит пригорюнясь...
1 700 1
a Билаш
b А.
1 702 1
a Федоров
b В.
4 520
464 Аналитический уровень _0
1 2001
a Жила-была девчонка
e Жила-была девчонка...
1 700 1
a Машков
b В.
1 702 1
a Прокофьев
b А.
4 520
464 Аналитический уровень _0
1 2001
a Волжанка синеглазая
e Весенний свет над Волгою...
1 700 1
a Фиготин
b Б.
1 702 1
a Жаров
b А.
4 520
512 Заглавие обложки 1_
a Заглавие обложки Песни советских композиторов
606 Тематические рубрики 0_
a Основная рубрика Аккордеон
x Основная подрубрика Переложения для аккордеона
x Основная подрубрика Песни советских композиторов
610 Ключевые слова 0_
a Ключевые слова песни советских композиторов
610 Ключевые слова 0_
a Ключевые слова аккордеон
610 Ключевые слова 0_
a Ключевые слова переложения вокальных произведений
610 Ключевые слова 0_
a Ключевые слова переложения для аккордеона
686 Индексы других классификаций __
a Классификационный индекс 85.954.7-094(2)я43
2 Код системы rubbk
702 Вторичная интеллектуальная ответственность __
a Фамилия Машков
b Имя (инициалы) В.
4 Код отношения 220
801 Источник записи _0
a Страна RU
b Организация Ульяновская ОНБ
c Дата составления 20210109
g Правила каталогизации RCR
801 Источник записи _1
a Страна RU
b Организация Ульяновская ОНБ
c Дата составления 20210109
g Правила каталогизации RCR
901 Тип документа __
t Тип документа n
w Контрольный № источника RU/УОНБ/EK_N/662662340
909 Создатель записи __
a Создатель записи Никитина Т. А.
938 Служебная информация __
a Имя БД noti
b Имя библиотеки УОНБ
c Имя АИБС МАРК-SQL
d Номер DOC_ID в БД 23233